The Sultan's shadow : (Record no. 15471)

000 -LEADER
fixed length control field 02453cam a2200445 a 4500
001 - CONTROL NUMBER
control field 15941549
005 - DATE AND TIME OF LATEST TRANSACTION
control field 20170105102918.0
008 - FIXED-LENGTH DATA ELEMENTS--GENERAL INFORMATION
fixed length control field 091009s2010 nyu b 001 0ceng
010 ## - LIBRARY OF CONGRESS CONTROL NUMBER
LC control number 2009042845
020 ## - INTERNATIONAL STANDARD BOOK NUMBER
International Standard Book Number 9780345469403 (alk. paper)
020 ## - INTERNATIONAL STANDARD BOOK NUMBER
International Standard Book Number 0345469402 (alk. paper)
020 ## - INTERNATIONAL STANDARD BOOK NUMBER
Canceled/invalid ISBN 9780679603764 (ebk.)
020 ## - INTERNATIONAL STANDARD BOOK NUMBER
Canceled/invalid ISBN 067960376X (ebk.)
035 ## - SYSTEM CONTROL NUMBER
System control number (OCoLC)ocn457148138
040 ## - CATALOGING SOURCE
Original cataloging agency DLC
Language of cataloging eng
Transcribing agency DLC
Modifying agency BTCTA
-- YDXCP
-- C#P
-- MLY
-- CDX
-- VP@
-- ZJI
-- T7B
-- GZQ
-- OCLCA
-- OCLCQ
-- DLC
043 ## - GEOGRAPHIC AREA CODE
Geographic area code a-mk---
-- fe-----
-- e-gx---
050 00 - LIBRARY OF CONGRESS CALL NUMBER
Classification number DS247.O66
Item number B57 2010
082 00 - DEWEY DECIMAL CLASSIFICATION NUMBER
Classification number 953.53
-- B
Edition number 22
100 1# - MAIN ENTRY--PERSONAL NAME
Personal name Bird, Christiane.
245 14 - TITLE STATEMENT
Title The Sultan's shadow :
Remainder of title one family's rule at the crossroads of East and West /
Statement of responsibility, etc. Christiane Bird.
250 ## - EDITION STATEMENT
Edition statement 1st ed.
260 ## - PUBLICATION, DISTRIBUTION, ETC.
Place of publication, distribution, etc. New York :
Name of publisher, distributor, etc. Random House,
Date of publication, distribution, etc. c2010.
300 ## - PHYSICAL DESCRIPTION
Extent xxii, 374 p. ;
Dimensions 25 cm.
504 ## - BIBLIOGRAPHY, ETC. NOTE
Bibliography, etc. note Includes bibliographical references (p. [359]-364) and index.
505 0# - FORMATTED CONTENTS NOTE
Formatted contents note pt. 1: Oman. Beginnings -- Muscat -- Slavery -- The Portuguese invasion -- The Al Busaids come to power -- War with the Wahhabis -- Seyyid Said in Muscat -- pt. 2: Zanzibar. A princess is born -- Clove fever -- The move to town -- On the streets -- A day in the life -- Gatherings -- The slave trade -- Americans in Zanzibar -- The Swahili -- Seyyid Said's last journey -- The explorers -- Rebellion -- Elopement -- pt. 3: Germany and Africa. Hamburg -- Alone -- Changes -- Tippu Tip -- Dr. Livingstone -- Stanley meets Tippu Tip -- Seyyid Barghash -- Endings.
520 ## - SUMMARY, ETC.
Summary, etc. Oman's Sultan Said and his rebellious daughter Princess Salme--comes to life in this compelling narrative. Sultan Said and his descendants were shadowed and all but shattered by the rise and fall of East Africa's nineteenth-century slave trade.
600 00 - SUBJECT ADDED ENTRY--PERSONAL NAME
Personal name Saʻīd bin Sulṭān,
Titles and other words associated with a name Sultan of Zanzibar,
Dates associated with a name 1791-1856.
600 10 - SUBJECT ADDED ENTRY--PERSONAL NAME
Personal name Ruete, Emilie,
Dates associated with a name 1844-1924.
650 #0 - SUBJECT ADDED ENTRY--TOPICAL TERM
Topical term or geographic name entry element Princesses
Geographic subdivision Oman
Form subdivision Biography.
650 #0 - SUBJECT ADDED ENTRY--TOPICAL TERM
Topical term or geographic name entry element Slave trade
Geographic subdivision Arab countries
General subdivision History
Chronological subdivision 19th century.
651 #0 - SUBJECT ADDED ENTRY--GEOGRAPHIC NAME
Geographic name Oman
General subdivision Kings and rulers
Form subdivision Biography.
651 #0 - SUBJECT ADDED ENTRY--GEOGRAPHIC NAME
Geographic name Oman
General subdivision Relations
Geographic subdivision Africa, East.
651 #0 - SUBJECT ADDED ENTRY--GEOGRAPHIC NAME
Geographic name Africa, East
General subdivision Relations
Geographic subdivision Oman.
651 #0 - SUBJECT ADDED ENTRY--GEOGRAPHIC NAME
Geographic name Oman
General subdivision Relations
Geographic subdivision Germany.
651 #0 - SUBJECT ADDED ENTRY--GEOGRAPHIC NAME
Geographic name Germany
General subdivision Relations
Geographic subdivision Oman.
651 #0 - SUBJECT ADDED ENTRY--GEOGRAPHIC NAME
Geographic name Zanzibar
General subdivision History
Chronological subdivision 19th century.
906 ## - LOCAL DATA ELEMENT F, LDF (RLIN)
a 7
b cbc
c orignew
d 1
e ecip
f 20
g y-gencatlg
942 ## - ADDED ENTRY ELEMENTS (KOHA)
Source of classification or shelving scheme
Koha item type Book
Holdings
Withdrawn status Lost status Damaged status Not for loan Collection code Permanent Location Current Location Shelving location Date acquired Total Checkouts Full call number Barcode Date last seen Price effective from Koha item type
          Centre for International Peace & Stability (CIPS) Centre for International Peace & Stability (CIPS) General Stacks 10/02/2013   953.53 BIR 2010 CIPS0002194 12/03/2013 12/03/2013 Book
© 2023 Central Library, National University of Sciences and Technology. All Rights Reserved.